00444pab a2200169 454500008004000000100001600040245006300056260000900119300001400128362000800142650001900150650002500169650001700194700001600211700001700227773003000244180718b2011 xxu||||| |||| 00| 0 eng d aYuan, Zhang aEffect of trade unions on industrial labor income in China c2011 ap.95-114. aJan aLabour - China aTrade unions - China aTrade unions aWong, Prins aJianqi, Chen aAsian Politics and Policy